| 000 | 00381nam a22001451a 4500 | ||
|---|---|---|---|
| 020 | _a9788121506779 | ||
| 082 |
_a294.302 02 _bSPE/M |
||
| 100 | _aSpence Hardy R | ||
| 245 |
_aA manual of Buddhism in its modern development/ _cby Spence Hardy R |
||
| 260 |
_aNew Delhi: _bMunshiram Manoharlal, _c1995. |
||
| 300 | _a533p. | ||
| 650 | _aBuddhism | ||
| 650 | _aReligion | ||
| 942 | _cBK | ||
| 999 |
_c27667 _d27667 |
||